Central Library OPAC University of Rajshahi

Pakistan sociological perspectives : (Record no. 33141)

MARC details
000 -LEADER
fixed length control field 01061cam a2200289 4500
001 - CONTROL NUMBER
control field 33141
003 - CONTROL NUMBER IDENTIFIER
rucl marc code BD-RjUL
005 - DATE AND TIME OF LATEST TRANSACTION
control field 20211209051944.0
008 - FIXED-LENGTH DATA ELEMENTS--GENERAL INFORMATION
fixed length control field 140430s1968 pk b b 001 0 eng
035 ## - SYSTEM CONTROL NUMBER
System control number (BD-RjUL)33232
040 ## - CATALOGING SOURCE
Original cataloging agency DLC
Transcribing agency DLC
Modifying agency DLC
-- BD-RjUL
Language of cataloging eng
041 ## - LANGUAGE CODE
Language code of text/sound track or separate title eng
082 ## - DEWEY DECIMAL CLASSIFICATION NUMBER
Classification number 301.09547
Author mark and year PAK 1968
110 2# - MAIN ENTRY--CORPORATE NAME
Corporate name or jurisdiction name as entry element Pakistan Sociological Association.
9 (RLIN) 100670
245 10 - TITLE STATEMENT
Title Pakistan sociological perspectives :
Remainder of title collected papers of the Pakistan Sociological Association's II, III, and IV Conferences /
Statement of responsibility, etc. Editors: Haider Ali Chaudhari... [et al]
260 ## - PUBLICATION, DISTRIBUTION, ETC. (IMPRINT)
Place of publication, distribution, etc. Lahore :
Date of publication, distribution, etc. c1968.
Name of publisher, distributor, etc. Pakistan Sociological Association,
300 ## - PHYSICAL DESCRIPTION
Pagination viii, 277 p. :
Illustrations map ;
Size 26 cm.
350 ## - PRICE (NR) (BK AM CF MU VM SE) [OBSOLETE]
Price 15.00
-- ($8.00)
504 ## - BIBLIOGRAPHY, ETC. NOTE
Bibliography, etc Includes bibliographical references and index.
650 #0 - SUBJECT ADDED ENTRY--TOPICAL TERM
Topical term or geographic name as entry element Sociology
General subdivision Societies, etc.
9 (RLIN) 100666
Topical term or geographic name as entry element Social sciences
General subdivision Research
Geographic subdivision Pakistan.
9 (RLIN) 100667
651 #0 - SUBJECT ADDED ENTRY--GEOGRAPHIC NAME
Geographic name Pakistan
General subdivision Social conditions.
9 (RLIN) 100668
700 1# - ADDED ENTRY--PERSONAL NAME
Personal name Chaudhari, Haider Ali.
Relator term ed.
942 ## - ADDED ENTRY ELEMENTS (KOHA)
Source of classification or shelving scheme Dewey Decimal Classification
Koha item type Books
Holdings
Lost status Source of classification or shelving scheme Damaged status Not for loan Collection code Permanent Location Current Location Shelving location Date acquired Source of acquisition Cost, normal purchase price Total Checkouts Full call number Date last seen Copy number Koha item type
  Dewey Decimal Classification     Non-fiction Central Library, University of Rajshahi Central Library, University of Rajshahi   23/12/1969 P. S. A. 15.00   301.09547 PAK 1968 30/04/2014 C-4 Books
  Dewey Decimal Classification     Non-fiction Central Library, University of Rajshahi Central Library, University of Rajshahi   23/05/1970 ROYAL Book Co. 15.00   301.09547 PAK 1968 30/04/2014 C-3 Books
  Dewey Decimal Classification     Non-fiction Central Library, University of Rajshahi Central Library, University of Rajshahi   23/12/1969 P.S.A 15.00   301.09547 PAK 1968 30/04/2014 C-5 Books
  Dewey Decimal Classification     Non-fiction Central Library, University of Rajshahi Central Library, University of Rajshahi   23/12/1969 P.S.A 15.00   301.09547 PAK 1968 30/04/2014 C-6 Books
  Dewey Decimal Classification     Non-fiction Central Library, University of Rajshahi Central Library, University of Rajshahi   23/12/1969 P.S.A 15.00   301.09547 PAK 1968 30/04/2014 C-7 Books
  Dewey Decimal Classification     Non-fiction Central Library, University of Rajshahi Central Library, University of Rajshahi   23/05/1970 Royal book 15.00   301.09547 PAK 1968 30/07/2016 C-8 Books
  Dewey Decimal Classification   Not For Loan Non-fiction Central Library, University of Rajshahi Central Library, University of Rajshahi Reading Room 23/05/1970 Royal book 15.00   301.09547 PAK 1968 11/12/2016 C-1 Books
  Dewey Decimal Classification     Non-fiction Central Library, University of Rajshahi Central Library, University of Rajshahi   23/12/1969 P.S.A 15.00   301.09547 PAK 1968 12/12/2016 C-9 Books